| 000 | 00710nam a2200253Ia 4500 | ||
|---|---|---|---|
| 008 | 181129s9999 xx 000 0 und d | ||
| 020 | _a9780545569965 | ||
| 050 | _bF799 2011 | ||
| 100 | _aFradin, Judith Bloom | ||
| 245 | 0 | _aTornado! : | |
| 245 | 4 | _bthe story behind these twisting, turning, spinning, and spiraling storms / | |
| 245 | 0 | _cby Judith Bloom Fradin and Dennis Brindell Fradin. | |
| 260 | _aNew York, NY : | ||
| 260 | _bScholastic, | ||
| 260 | _c2011 | ||
| 300 | _a63 pages : | ||
| 300 | _bcolor illustrations ; | ||
| 300 | _c25cm. | ||
| 440 | _aNational geographic kids. | ||
| 500 | _a1120L | ||
| 650 | _aTornadoes. | ||
| 700 | _aFradin, Dennis Brindell. | ||
| 700 | _aTitle. | ||
| 999 |
_c359828 _d359828 |
||